Geography of Pennsylvania - Statistics

General Stats
  • This quiz has been taken 416 times
    410 since last reset
  • The average score is 15 of 20
Answer Stats
Question Answer % Correct
Which of the Great Lakes does Pennsylvania border? Lake Erie
98%
What is the capital of Pennsylvania? Harrisburg
95%
What town in the Adams county was site of a major Civil War battle? Gettysburg
94%
What cracked bell was once located in the steeple of Philadelphia's Independence Hall? Liberty Bell
89%
What religious group are also known as the Friends? Quakers
88%
What is Philadelphia's most well-known nickname? City of {Brotherly} {Love}
82%
In what city did "The Office" take place? Scranton
81%
Name one of the three rivers on which Pittsburgh is located. Allegheny | Ohio | Monongahela
80%
Where did George Washington harbor his troops in the winter of 1777-78? Valley {Forge}
78%
What other state capital is part of the Philadelphia metropolitan area? Trenton
71%
What river lies between Pennsylvania and New Jersey, and parts of New York? Delaware
70%
What county is home the the highest Amish population? Lancaster
70%
About what Pennsylvanian city did Billy Joel write a song? Allentown
69%
What type of natural disaster was the city of Johnstown struck by in 1889? Flood
69%
What is the most common state nickname of Pennsylvania? {Keystone} State
69%
On what river is the above located? {Susque}hanna
68%
What mountain range, starting with P, covers northeastern parts of Pennsylvania? Pocono Mountains
62%
What city near the above, was once to one of America's largest steel industry? Bethlehem
53%
The "Pine Creek Gorge" is known to be Pennsylvania's version of what famous location? Grand Canyon
52%
What is the highest mountain in Pennsylvania? hint: Welsh last name starting with D Mount Davis
24%
No matching quizzes found
Score Distribution
Percent of People with Each Score
Percentile by Number Answered
Your Score History
You have not taken this quiz since the last reset